Un diplomático español del Siglo de Oro (Record no. 140646)

MARC details
000 -LEADER
campo de control de longitud fija 00794nam a2200205 i 4500
001 - NÚMERO DE CONTROL
campo de control 140646
003 - IDENTIFICADOR DE NÚMERO DE CONTROL
campo de control ES-MaACL
005 - FECHA Y HORA DE LA ÚLTIMA TRANSACCIÓN
campo de control 20251121165904.0
007 - CAMPO FIJO DE DESCRIPCIÓN FÍSICA--INFORMACIÓN GENERAL
campo de control de longitud fija t|
008 - DATOS DE LONGITUD FIJA--INFORMACIÓN GENERAL
campo de control de longitud fija 070214s1955 sp r ||||1| spa d
100 1# - ENTRADA PRINCIPAL--NOMBRE DE PERSONA
Nombre de persona Seco Serrano, Carlos,
Fechas asociadas al nombre 1923-2020
9 (RLIN) 105054
245 13 - MENCIÓN DEL TÍTULO
Título Un diplomático español del Siglo de Oro
Resto del título : (en el III centenario de Don Alonso de la Cueva, Marqués de Bedmar) /
Mención de responsabilidad, etc. Carlos Seco Serrano.
260 ## - PUBLICACIÓN, DISTRIBUCIÓN, ETC.
Lugar de publicación, distribución, etc. Madrid :
Nombre del editor, distribuidor, etc. [s.n.],
Fecha de publicación, distribución, etc. 1955.
300 ## - DESCRIPCIÓN FÍSICA
Extensión 14 p. ;
Dimensiones 23 cm.
500 ## - NOTA GENERAL
Nota general Separata de la revista Arbor, nª 120 de diciembre de 1955.
600 17 - PUNTO DE ACCESO ADICIONAL DE MATERIA--NOMBRE DE PERSONA
Nombre de persona Bedmar, Alfonso de la Cueva,
Títulos y otros términos asociados al nombre Marqués de,
Fechas asociadas al nombre 1572-1655
Fuente del encabezamiento o término
9 (RLIN) 170138
651 #4 - PUNTO DE ACCESO ADICIONAL DE MATERIA--NOMBRE GEOGRÁFICO
Nombre geográfico España-
Subdivisión general Historia-
Subdivisión cronológica 1598-1621, Felipe III.
9 (RLIN) 8234
852 ## - LOCALIZACIÓN
Ubicación ES-MaACL
Número de control de estantería 1992-F-20
Sublocalización o colección R.38216
Holdings
Estatus retirado Estado de pérdida Estado de daño No para préstamo Colección Biblioteca de origen Biblioteca actual Ubicación en estantería Fecha de adquisición Fuente de adquisición Total de préstamos Signatura topográfica completa Código de barras Visto por última vez Precio de reemplazo Tipo de ítem Koha
        Colección de folletos Biblioteca del Ateneo de Madrid Biblioteca del Ateneo de Madrid Depósito folletos 17/01/2008     1992-F-20 1146358 23/02/2023 23/02/2023 Folleto